000 00612nam a2200205Ia 4500
001 903
003 GE_BSU
008 181216s||||||||xx |||||||||||||| ||und||
040 _cGE_BSU
080 _a343
100 _aЗагорский,Г.И.
245 _aСудебное разбирательство по уголовному делу
260 _aМосква
260 _b,,Юридическая литература",
260 _c1985
300 _a110 с.
541 _h4 л.
653 _aСудебное разбирательства по уголовному делу.
942 _cBK
999 _c35063
_d35063